书目信息 |
| 题名: |
3D Studio MAX R3 Hhotoshop5宝殿溢彩
|
|
| 作者: | 詹翔 , 王海英 著 | |
| 分册: | ||
| 出版信息: | 北京 北京希望电子出版社 2000.08 |
|
| 页数: | 256页 | |
| 开本: | 16开 | |
| 丛书名: | ||
| 单 册: | ||
| 中图分类: | TP391.41 | |
| 科图分类: | ||
| 主题词: | 计算机应用 | |
| 电子资源: | ||
| ISBN: | 7-900049-14-2 | |
| 000 | 00635nam0 2200205 45 | |
| 001 | 0012130878 | |
| 005 | 20001213081920.3 | |
| 010 | @a7-900049-14-2@d68.00元 | |
| 100 | @a20001213d2000 km y0chiy0120 ea | |
| 101 | 0 | @achi |
| 105 | @a z 000yy | |
| 200 | 1 | @a3D Studio MAX R3 Hhotoshop5宝殿溢彩@A3D Studio MAX R3 Hhotoshop5 Bao Dian Yi Cai@f詹翔,王海英著@FZhan Xiang,Wang Hai Ying Zhu |
| 210 | @a北京@c北京希望电子出版社@d2000.08 | |
| 215 | @a256页@d16开 | |
| 606 | 0 | @a计算机应用 |
| 690 | @aTP391.41@v3 | |
| 701 | 0 | @a詹翔@4著 |
| 701 | 0 | @a王海英@4著 |
| 801 | @aCN@bPftUser@c20001213 | |
| 905 | @b307417-418@dTP391.41@eZH.516@f2 | |
| 3D Studio MAX R3 Hhotoshop5宝殿溢彩/詹翔,王海英著.-北京:北京希望电子出版社,2000.08 |
| 256页;16开 |
| ISBN 7-900049-14-2:68.00元 |
| ● |
| 相关链接 |
|
|
|
正题名:3D Studio MAX R3 Hhotoshop5宝殿溢彩
索取号:TP391.41/ZH.516
 
预约/预借
| 序号 | 登录号 | 条形码 | 馆藏地/架位号 | 状态 | 备注 |
| 1 | 307417 | 203074172 | 自科二线504/504自科库 29排4列2层/ [索取号:TP391.41/ZH.516] | 在馆 | |
| 2 | 307418 | 203074181 | 自科二线504/504自科库 31排2列2层/ [索取号:TP391.41/ZH.516] | 在馆 |